000 00757nas a2200241 4500
001 BR0904066
003 BR-BrBNA
005 20231205113232.0
007 ta
008 230509b bl.|||p| |||| 00| 00por d
040 _aBR-BrBNA
_bpor
_cBiblioteca Nacional de Agricultura
041 _a(Pt)
072 _aA50
100 1 _aCunha, J.P.A.
100 1 _aTeodoro, R.E.F.
245 1 _aAvaliação do nível de ruído em derriçadores e pulverizadores motorizados portáteis utilizados em lavouras de café.
650 _aCAFÉ
650 _aPULVERIZADOR
650 _aRUÍDO
773 0 _tBioscience Journal (Brazil)
_xISSN 1516-3725
_g(Sep-Dec 2006), v. 22(3) p. 71-77
_wBR0904066
909 _a202311
_bLúcia
_c55
_dLúcia Elande
942 _2AGRIS
_n0
_cANA
999 _c202612
_d202612